Exposición de la república de platón / (Registro nro. 17966)

Detalles MARC
000 -LEADER
fixed length control field 01106nam a2200289 4500
001 - CONTROL NUMBER
control field 0000015523
003 - CONTROL NUMBER IDENTIFIER
control field CO-CtgCURN
005 - DATE AND TIME OF LATEST TRANSACTION
control field 20250506180902.0
007 - PHYSICAL DESCRIPTION FIXED FIELD--GENERAL INFORMATION
fixed length control field ta
008 - FIXED-LENGTH DATA ELEMENTS--GENERAL INFORMATION
fixed length control field 160627s1995 000 0 eng d
020 ## - INTERNATIONAL STANDARD BOOK NUMBER
International Standard Book Number 8448702182
040 ## - CATALOGING SOURCE
Original cataloging agency CO-CtgCURN
Language of cataloging spa
Transcribing agency coctgcurn
082 0# - DEWEY DECIMAL CLASSIFICATION NUMBER
Classification number 321.07
Item number P51a
245 00 - TITLE STATEMENT
Title Exposición de la república de platón /
Statement of responsibility, etc. director de producción Manuel Alvarez, traducción Miguel Cruz Hernández.
260 ## - PUBLICATION, DISTRIBUTION, ETC.
Place of publication, distribution, etc. Barcelona :
Name of publisher, distributor, etc. Ediciones Altaya,
Date of publication, distribution, etc. 1995.
300 ## - PHYSICAL DESCRIPTION
Extent 158 p.
336 ## - CONTENT TYPE
Source rdacontent
337 ## - MEDIA TYPE
Source rdamedia
Media type term sin mediacion
Media type code n
338 ## - CARRIER TYPE
Source rdacarrier
Carrier type term volumen
Carrier type code nc
490 1# - SERIES STATEMENT
Series statement Colección Averroes
505 8# - FORMATTED CONTENTS NOTE
Formatted contents note La obra.--La critica al medio social andalusi.--El pensamiento de ibn rusd.--etica sociedad y derecho.--Naturaleza de la sociedad.--Las formas de gobiero.--Exposicion de la republica de platon
650 14 - SUBJECT ADDED ENTRY--TOPICAL TERM
Topical term or geographic name entry element Filosofia antigua.
700 1# - ADDED ENTRY--PERSONAL NAME
Personal name Alvarez, Manuel dr ,Cruz Hernández, Miguel tr.
908 ## - PUT COMMAND PARAMETER (RLIN)
Put command parameter 160627
942 ## - ADDED ENTRY ELEMENTS (KOHA)
Koha item type Libros
Classification part 321.07
Item part P51a
Source of classification or shelving scheme Dewey Decimal Classification
Suppress in OPAC No
Existencias
Withdrawn status Lost status Source of classification or shelving scheme Damaged status Not for loan Collection Home library Current library Shelving location Date acquired Inventory number Total checkouts Full call number Barcode Date last seen Price effective from Koha item type Public note
    Dewey Decimal Classification     General Miguel Henríquez Castañeda Miguel Henríquez Castañeda General 03/31/2025 002720   321.07 P51a 002720 03/31/2025 03/31/2025 Libros 320-CIENPO